Statystyki dla Kość udowa

Kliknij tutaj aby rozwiązać quiz!

Ogólne statystyki

  • Ten quiz został rozwiązany 9 razy
  • Średni wynik to 12 z 27

Statystyki odpowiedzi

Answerd% Poprawnych
głowa
83%
szyjka
83%
trzon
83%
dół międzykłykciowy
67%
kłykieć boczny
67%
kłykieć przyśrodkowy
67%
krętarz mniejszy
67%
krętarz większy
67%
dół krętarzowy
50%
kresa międzykrętarzowa
50%
nadkłykieć boczny
50%
nadkłykieć przyśrodkowy
50%
powierzchnia podkolanowa
50%
warga boczna
50%
warga przyśrodkowa
50%
dołek głowy kosci udowej
33%
Guzek przywodziciela
33%
guzowatość pośladkowa
33%
kresa grzebieniowa
33%
grzebień międzykrętarzowy
17%
guzek czworoboczny
17%
kresa chropowa
17%
kresa nadkłykciowa boczna
17%
kresa nadkłykciowa przyśrodkowa
17%
otwór odżywczy
17%
otwory troczkowe
17%
powierzchnia rzepkowa
17%

Rozkład punktacji

Percentyl według liczby udzielonych odpowiedzi

Procent ludzi z każdym wynikiem

Twoja historia wyników

Nie rozwiązałeś tego quizu